000
00423nam a2200145Ia 4500
008
100122s9999 xx 000 0 und d
082
_b
20094
_a
823.08
100
_a
इंगळे वामन
245
_a
कवच कुंडले
260
_b
रविराज प्रकाशन
_c
1973
300
_a
93
630
_a
कवच कुंडले
730
_a
कवच कुंडले
942
_c
BOOK
999
_c
408869
_d
408866